Online
Catalog

Santander y los sucesos políticos de Venezuela, 1826 / (Record no. 13513)

MARC details
000 -CABECERA
campo de control de longitud fija 01261cam a2200313 a 4500
001 - NÚMERO DE CONTROL
campo de control 000013908
005 - FECHA Y HORA DE LA ÚLTIMA TRANSACCIÓN
campo de control 20200929163408.0
008 - DATOS DE LONGITUD FIJA--INFORMACIÓN GENERAL
campo de control de longitud fija 890717s1988 ck 000 0dspa d
020 ## - NÚMERO INTERNACIONAL ESTÁNDAR DEL LIBRO
ISBN cancelado o inválido 9586430006
035 ## - NÚMERO DE CONTROL DEL SISTEMA
Número de control de sistema (DLC) 89163071
040 ## - FUENTE DE LA CATALOGACIÓN
Centro catalogador/agencia de origen DO-SdBNP
Lengua de catalogación spa
Centro/agencia transcriptor BNPHU
Centro/agencia modificador DLC
082 ## - NÚMERO DE LA CLASIFICACIÓN DECIMAL DEWEY
Número de clasificación 327.09
Número de documento/Ítem S232s
049 ## - FONDOS LOCALES (OCLC)
Fondos de biblioteca BNGR
100 1# - ENTRADA PRINCIPAL--NOMBRE DE PERSONA
Nombre de persona Santander, Francisco de Paula,
Fechas asociadas al nombre 1792-1840
9 (RLIN) 18039
245 10 - MENCIÓN DE TÍTULO
Título Santander y los sucesos políticos de Venezuela, 1826 /
Mención de responsabilidad, etc. presentación y prólogo de Javier Ocampo López.
260 ## - PUBLICACIÓN, DISTRIBUCIÓN, ETC.
Lugar de publicación, distribución, etc. Bogotá, Colombia :
Nombre del editor, distribuidor, etc. Fundación Francisco de Paula Santander,
Fecha de publicación, distribución, etc. 1988.
300 ## - DESCRIPCIÓN FÍSICA
Extensión 2 v. :
Otras características físicas il. ;
Dimensiones 25 cm.
490 1# - MENCIÓN DE SERIE
Mención de serie Documentos
Designación de volumen o secuencia 12
490 1# - MENCIÓN DE SERIE
Mención de serie Biblioteca de la Presidencia de la República. Administración Virgilio Barco
600 10 - PUNTO DE ACCESO ADICIONAL DE MATERIA--NOMBRE DE PERSONA
Nombre de persona SANTANDER, FRANCISCO DE PAULA,
Fechas asociadas al nombre 1792-1840.
9 (RLIN) 18039
651 #4 - PUNTO DE ACCESO ADICIONAL DE MATERIA--NOMBRE GEOGRÁFICO
Nombre geográfico Venezuela
Subdivisión general Relaciones Exteriores Con Colombia
9 (RLIN) 31515
651 #4 - PUNTO DE ACCESO ADICIONAL DE MATERIA--NOMBRE GEOGRÁFICO
Nombre geográfico Colombia
Subdivisión general Relaciones Exteriores Con Venezuela
9 (RLIN) 31516
651 #4 - PUNTO DE ACCESO ADICIONAL DE MATERIA--NOMBRE GEOGRÁFICO
Nombre geográfico Colombia
Subdivisión general Historia
Subdivisión cronológica 1821-1830
9 (RLIN) 31517
700 1# - PUNTO DE ACCESO ADICIONAL--NOMBRE DE PERSONA
Nombre de persona Ocampo López, Javier,
Término indicativo de función/relación pról.
9 (RLIN) 18408
830 #0 - PUNTO DE ACCESO ADICIONAL DE SERIE-TÍTULO UNIFORME
Título uniforme Documentos ;
Designación de volumen o secuencia 12
9 (RLIN) 1047
830 #0 - PUNTO DE ACCESO ADICIONAL DE SERIE-TÍTULO UNIFORME
Título uniforme Biblioteca de la Presidencia de la República. Administración Virgilio Barco
9 (RLIN) 31518
910 ## - DATOS DE OPCIÓN DEL USUARIO (OCLC)
Datos de opción del usuario Catalogación por copia / LC
910 ## - DATOS DE OPCIÓN DEL USUARIO (OCLC)
Datos de opción del usuario WM
Holdings
Estado de retiro Estado de pérdida Restricciones de uso No para préstamo Código de colección Localización permanente Ubicación/localización actual Ubicación en estantería Fecha de adquisición Número de inventario Total de préstamos Signatura topográfica completa Código de barras Fecha visto por última vez Precio válido a partir de Tipo de ítem Koha
        Monografías: Libros y Folletos General General Depósito 01.12.2009 LF1   327.09 S232s | v.1 13908-10 25.06.2020 25.06.2020 Préstamo en sala
        Monografías: Libros y Folletos General General Depósito 01.12.2009 LF1   327.09 S232s | v.2 13908-20 25.06.2020 25.06.2020 Préstamo en sala

Powered by Koha